000 00370nam a2200157Ia 4500
005 20241217012734.0
008 240331s9999 xx 000 0 und d
020 _a0394280148
082 _bJEA
_24423
_a823
100 _aWinterson, J
245 0 _aWritten on the Body
260 _aToronto
_bGreat Movement Ltd
_c1992
300 _a190 p.,
650 _asex
942 _cL
999 _c3365
_d3365